01022 a2200205 4500003000500000005001700005040000900022082001600031100003200047245009700079250002400176260005000200300003100250505032800281600003200609650002100641942001200662999001900674952012300693Nust20221228131114.0 cNust a297.72, HAM aHamidullah, Muhammad,96037 aThe battlefields of the Prophet MuhammadbSalla'llahu alaihi wa sallamcMuhammad Hamidullah, aNew Revised Edition aHuzaifah PublicationsbKarachi Pakistanc1979 a66 pbilluscdigarse24 cm aPreliminary Remarks (Page-5), Badr (Page-13), Uhud (Page-22), Battle Of Ditch (Page-29), Conquestof Mecca (Page-37), Battles Of Hunain And Taif (Page-42), Wars With The Jews (Page-47), Military Intelligence In The Time Of Prophet Muhammad (Page-53), Military Department Of The Muslim State In The Time Of Prophet (Page-58). aHamidullah, Muhammad,96037 aHoly War9106205 2ddccBK c188505d188505 00102ddc4070aMCSbMCScGENd2016-12-12o297.72,HAMpMCS4098r2016-12-08w2016-12-12yBKzAlmirah No.47, Shelf No.5